| 000 | 01266nam0a22003011 4500 | ||
|---|---|---|---|
| 001 | rc\2280335 | ||
| 005 | 20260407145306.0 | ||
| 035 | _a(NLR Aleph) 006559718 | ||
| 090 |
_a6830290 _c6830290 |
||
| 100 | _a20110829d1977 |||y0rusy50 ca | ||
| 101 | 0 | _arus | |
| 102 | _aRU | ||
| 105 | _aa z ||||| | ||
| 200 | 1 |
_aВзаимодействие вирусов и клетки _e[Сборник статей] _fАН ЛатвССР, Ин-т микробиологии им. Августа Кирхенштейна _g[Ред. коллегия: Р.А. Кукайн (отв. ред.) и др.] |
|
| 210 |
_aРига _cЗинатне _d1977 |
||
| 215 |
_a143 с. _cил. _d22 |
||
| 320 | _aСписки лит. в конце статей | ||
| 606 |
_aВирусы _jСборники _xВзаимодействие с клеткой _2psbo |
||
| 686 |
_aР56-13я43 _2rubbk |
||
| 702 | 1 |
_aКукайн _bР.А. _gРита Александровна _4340 |
|
| 712 | 0 | 2 |
_aИнститут микробиологии им. А.Кирхенштейна _cРига _3RU\NLR\AUTH\8810021376 _9540707 |
| 801 | 0 |
_aRU _bNLR _gpsbo |
|
| 801 | 1 |
_aRU _bELAR _2rusmarc |
|
| 852 |
_aNLR _j77-5/4359 |
||
| 899 |
_aRuMoRGB _jБ 77-9/190 |
||
| 899 |
_aRuMoRGB _jБ 77-9/191 |
||
| 942 | _cBOOK | ||
| 980 | _aNB | ||